000 07513nam2a22005051 4500
001 RU\NLR\A1\2201
005 20260608064418.0
035 _a(NLR Aleph) 009672224
090 _a13474056
_c13474056
100 _a19960523d1771 u y0rusy50 ca
101 0 _arus
105 _ay g 000yy
135 _acrgz|008apaua
135 _acrgz|008apaua
200 1 _aМосковской губернии Московская провинция
210 _d1771
215 _a[38], 94 с.
316 _aЭкз РНБ (18.13.5.21 (т.1, ч.1)): т.1, ч.1-ч.4 в одном. пер. Пер. составной картон., обтянутый мраморной бумагой, с кожаным корешком и уголками. На нижней крышке пер. наклейка с шифром РНБ. Корешок с золотым тиснением, блинтовым тиснением «Бакмейстер Т.1» и вытисненным золотом суперэкслибрисом ИПБ с буквами «И.Б.» .На корешке потертые крас. и зеленая кожаные наклейки. На красной наклейке золотом вытиснено загл.: «Топографии[ч]еские и[з]вестие о России». На зеленой наклейке золотом вытиснено: «Ч. 1. 2. 3. 4.». Обрез синий. На форзаце ярлык с шифром РНБ и еще один ярлык с шифром. На тит. л., с.33 и 392 круглый штамп ГПБ. На тит. л. не читаемая рукоп. надпись.
_5NLR: 18.13.5.21 (т.1, ч.1)
316 _aЭкз. РНБ (138/23 (т.1, ч.1)): т.1, ч.1-ч.4 в одном. пер. Пер. составной картон., обтянутый бумагой, с кожаным корешком и уголками. На нижней крышке пер. экслибрис Рус. фонда ГПБ с шифром. Корешок с пятью бинтами и золотым тиснением «Тома 1. ч.1 2 3 4». Уголки частично утрачены. На корешке коричневая кожаная наклейка с вытисненным золотом загл.: «Топографически[я] известия о Рос. Империи». Обрез красный крапчатый. На форзаце прямоугол. штамп «Государственный книжный фонд 1005. На обороте тит. л., с.33 и 392 круглый штамп ГПБ.
_5NLR: 138/23 (т.1, ч.1)
316 _aЭкз. РНБ (РЗФ 18 в. 3/867 (т.1, ч.1)): т.1, ч.1-ч.4 в одном пер. Пер. картон. цельнокожаный, коричневый. На нижней крышке пер. экслибрис РЗФ ГПБ с шифром. Корешок гладкий с блинтовым тиснением. На корешке крас. кожаная наклейка с вытисненным золотом загл.: «Топографичес исвестия [!]». Золото почти полностью утрачено. На нахзаце техн. штамп. На тит. л. круглый штамп "Госуд. Публичн. библиотека. Дублет".
_5NLR: РЗФ 18 в. 3/867 (т.1, ч.1)
316 _aЭкз. РНБ (РЗФ 18 в. 3/867 (т.1, ч.1)а): т.1, ч.1-ч.3 в одном пер. Пер. картон. цельнокожаный, коричневый. Кожаное покрытие на крышках потрескалось, его верхний слой местами отслоился. На нижней крышке пер. экслибрис РЗФ ГПБ с шифром. Корешок с 5-ю бинтами и золотым тиснением и вытисн. загл. "Топографическия известия". Золото почти полностью утрачено. На корешке зелен. кожаная наклейка, на которой вытиснено: «Часть. I. II. III.». Обрез тонир. крас. Форзац и нахзац из бумаги "павлинье перо". На обороте форзаца написано: "цена 1-30". При переплетных работах после форзаца и перед нахзацем вклеены листы. На листе перед нахзацем техн. штамп. На тит. л. круглый штамп "Госуд. Публичн. библиотека. Дублет".
_5NLR: РЗФ 18 в. 3/867 (т.1, ч.1)а
317 _aВ экз. РНБ (18.13.5.21 (т.1, ч.1)) на обороте тит. л. книгопродавч. марка Кн. лавки АН (сова)
_5NLR: 18.13.5.21 (т.1, ч.1)
317 _aВ экз. РНБ (138/23 (т.1, ч.1)) на обороте тит. л. книгопродавч. марка Кн. лавки АН (сова)
_5NLR: 138/23 (т.1, ч.1)
317 _aВ экз. РНБ (РЗФ 18 в. 3/867 (т.1, ч.1)а) на обороте тит. л. книгопродавч. марка Кн. лавки АН (сова).
_5NLR: РЗФ 18 в. 3/867 (т.1, ч.1)а
317 _aВ экз. РНБ (РЗФ 18 в. 3/867 (т.1, ч.1)) на обороте тит. л. книгопродавч. марка Кн. лавки АН (сова). На форзаце экслибрис Ф.Ф.Шуберта (Богомолов 17670а). На нахзаце шрифтовой ярлык «Антикварная книжная торговля В.И.Клочкова»
_5NLR: РЗФ 18 в. 3/867 (т.1, ч.1)
325 _aКопия доступна в Электрон. б-ке РНБ
325 _aЭл. копия создана на основе экземпляра РГБ
461 1 _1001RU\NLR\A1\2001
_12000#$aТопографическия известия служащия для полнаго географическаго описания Российской империи$vТ.1. Ч.1
_1700#1$aБакмейстер$bЛ. И.$f1730-1806$3RU\NLR\AUTH\7795871$gЛогин Иванович$4070
_99665976
_aБакмейстер, Л. И. (1730-1806)
_cВ Санктпетербурге
_d1771-1774
_nПри Императорской Академии наук
_tТопографическия известия служащия для полнаго географическаго описания Российской империи
_vТ.1. Ч.1
702 1 _4390
_7ca
_8rus
_aКлочков
_bВ. И.
_fок.1861-1915
_gВасилий Иванович
_3RU\NLR\AUTH\770172651
_9172600
702 1 _4390
_7ca
_8rus
_aШуберт
_bФ. Ф.
_f1789-1865
_gФедор Федорович
_9163852
_3RU\NLR\AUTH\770163896
801 0 _aRU
_bNLR
_c19960523
852 _aNLR
_j18.13.5.21 (т.1, ч.1)
852 _aNLR
_j138/23 (т.1, ч.1)
852 _aNLR
_bРЗФ
_j18 в. 3/867 (т.1, ч.1)
852 _aNLR
_bРЗФ
_j18 в. 3/867 (т.1, ч.1)а
856 0 _uhttps://vivaldi.nlr.ru/bx000041002/view
856 1 _uhttps://vivaldi.nlr.ru/bx000041002/cover
856 2 _uhttps://vivaldi.nlr.ru/bx000041002/text
942 _cBOOK
980 _aA1XVIIIv
980 _aNB
981 2 2 _a(22) Материалы по истории России
_b(22) Территория